Dlhopisy v účtovníctve podnikateľov

Charakteristika dlhopisu. Dlhopisy sa zaraďujú podľa charakteru medzi dlhové cenné papiere. Charakteristika dlhopisu ako druhu cenného papiera v podnikateľskej účtovnej jednotke. Informácie potrebné na účtovanie o kupónovom dlhopise a na účtovanie o diskontovanom dlhopise. Účtovacie predpisy vo všeo...

Descrizione completa

Salvato in:
Dettagli Bibliografici
Autore principale: Šlosárová, Anna
Altri autori: Šlosár, Rudolf
Natura: Capitolo di libro
Lingua:slovacco
Soggetti:
Tags: Aggiungi Tag
Nessun Tag, puoi essere il primo ad aggiungerne!!

MARC

LEADER 00000naa$a2200000$$$4500
001 0064098
005 20240502071741.3
041 0 |a slo 
044 |a SK 
245 1 0 |a Dlhopisy v účtovníctve podnikateľov  |c Anna Šlosárová, Rudolf Šlosár 
520 |a Charakteristika dlhopisu. Dlhopisy sa zaraďujú podľa charakteru medzi dlhové cenné papiere. Charakteristika dlhopisu ako druhu cenného papiera v podnikateľskej účtovnej jednotke. Informácie potrebné na účtovanie o kupónovom dlhopise a na účtovanie o diskontovanom dlhopise. Účtovacie predpisy vo všeobecnosti. Príklady na postupy účtovania niektorých druhov dlhopisov. 
610 2 0 |a dlhopisy 
610 2 0 |a papiere cenné 
610 2 0 |a účtovanie 
610 2 0 |a jednotka účtovná 
610 2 0 |a podnikatelia 
100 1 |a Šlosárová, Anna 
700 1 |a Šlosár, Rudolf